000 00604nam a2200229Ia 4500
003 OSt
005 20221005130906.0
006 a|||||r|||| 00| 0
007 ta
008 221004b |||||||| |||| 00| 0 san d
024 _a54130
037 _cTextual
040 _aCRL
_cCRL
_bsan
041 _2san
_asan
082 _aO15,1K15,1, 32H6
100 _aKashidar Neelakandadee Au.
_9638810
245 0 _aSanthirilasam
260 _c1946
650 _aSANSKRIT POETRY
_9155567
942 _hO15,1K15,1, 32H6
_cTEXL
_2cc
999 _c1058705
_d1058705